000 00886nam a2200193Ia 4500
008 090124s9999 xx 000 0 und d
082 _b24469
_a520
100 _aगाडगीळ अमरेंद्र लक्ष्मण
245 _a" श्री रामकोश खंड 2 रा, भाग 2 रा, पुस्तक 2 रे"
250 _a1
260 _c1981
300 _a4+124+244
600 _aगाडगीळ अमरेंद्र लक्ष्मण
630 _a" श्री रामकोश खंड 2 रा, भाग 2 रा, पुस्तक 2 रे"
700 _aधर्माधिकारी भाऊ
700 _aगाडगीळ अमरेंद्र लक्ष्मण
730 _a" श्री रामकोश खंड 2 रा, भाग 2 रा, पुस्तक 2 रे"
942 _cBOOK
999 _c138027
_d138027